000 00708nam a22002177a 4500
003 0
005 20250923092610.0
008 250923b xxu||||| |||| 00| 0 eng d
020 _a978-93-48196-89-7
050 _aKNS 1170
_b.A23 2025
100 _aAbbey, Melissa,
_eauthor.
245 _aReal estate laws /
_cMelissa Abbey.
250 _aFirst edition.
260 _aNew Delhi, India :
_bVenus Books,
_c2025.
300 _ax, 358 pages :
_billustrations ;
_c24 cm.
504 _aIncludes bibliographical references and index.
650 _aReal property
_zIndia.
650 _aReal property
_zIndia
_xLaw and legislation.
650 _aReal estate business
_xLaw and legislation
_zIndia.
942 _2lcc
_cBK
999 _c368063
_d368063